Travel industry = Kỹ nghệ du lịch /

Salvato in:
Dettagli Bibliografici
Autore principale: Kruse, Benedict.
Altri autori: Đặng Văn Hoá (dịch.), Khoan Hồng (dịch.)
Natura: Libro
Lingua:English
Pubblicazione: Tp.HCM : Thanh niên, 2000.
Soggetti:
Tags: Aggiungi Tag
Nessun Tag, puoi essere il primo ad aggiungerne! !
Thư viện lưu trữ: Mạng thư viện Đại học Đà Nẵng
LEADER 00994cam a2200373 i 4500
001 000042459
003 333
005 20030917131414.0
008 010217b2000 vm 000 eng
020 |c 28000 
022 |a T 
040 |a IRC  |c IRC  |d IRC 
041 1 |a eng 
082 1 4 |a 420.077  |b KR-B 
100 1 |a Kruse, Benedict. 
245 0 0 |a Travel industry =  |b Kỹ nghệ du lịch /  |c Benedict Kruse ; Đặng Văn Hoá, Khoan Hồng dịch và chú giải. 
246 0 1 |a Kỹ nghệ du lịch. 
260 |a Tp.HCM :  |b Thanh niên,  |c 2000. 
300 |a 309tr. ;  |c 20,5cm. 
630 0 4 |a Du lịch. 
630 0 4 |a Travel industry. 
650 0 4 |a Travel industry. 
700 1 |a Đặng Văn Hoá,  |e dịch. 
700 1 |a Khoan Hồng,  |e dịch. 
OWN |a DUT 
999 |a From the UDN01 
TYP |a Monograph 
TYP |a Printed language 
980 |a Mạng thư viện Đại học Đà Nẵng